Saltar al contenido

Сжатие и помехоустойчивое кодирование цифровых сигналов связи и телевидения. Задания для практических занятий методические указания

Задания для практических занятий предназначены для студентов бакалавриата, обучающихся по направлению подготовки 11.03.02 «Инфокоммуникационные технологии и системы связи» и изучающих дисциплину «Сжатие и помехоустойчивое кодирование цифровых сигналов связи и телевидения». На практических занятиях и...

Descripción completa

Guardado en:
Detalles Bibliográficos
Autor principal: Смирнов А. В.
Formato: Книга
Lenguaje:Russian
Publicado: Москва РТУ МИРЭА 2023
Acceso en línea:https://e.lanbook.com/book/398321
https://e.lanbook.com/img/cover/book/398321.jpg
Etiquetas: Agregar Etiqueta
Sin Etiquetas, Sea el primero en etiquetar este registro!
LEADER 02274nam0a2200265 i 4500
001 398321
003 RuSpLAN
005 20240320124548.0
008 240320s2023 ru gs 000 0 rus
040 |a RuSpLAN 
041 0 |a rus 
044 |a ru 
080 |a 621.397 
084 |a 32.88  |2 rubbk 
245 0 0 |a Сжатие и помехоустойчивое кодирование цифровых сигналов связи и телевидения. Задания для практических занятий  |b методические указания  |c Смирнов А. В. 
260 |a Москва  |b РТУ МИРЭА  |c 2023 
300 |a 67 с. 
504 |a Библиогр.: доступна в карточке книги, на сайте ЭБС Лань 
520 8 |a Задания для практических занятий предназначены для студентов бакалавриата, обучающихся по направлению подготовки 11.03.02 «Инфокоммуникационные технологии и системы связи» и изучающих дисциплину «Сжатие и помехоустойчивое кодирование цифровых сигналов связи и телевидения». На практических занятиях изучаются методы сжатия сообщений без потерь и помехоустойчивого кодирования с применением блоковых и сверточных кодов. Методические указания содержат задания для выполнения студентами, а также пояснения и справочные материалы к этим заданиям. При решении некоторых задач применяются специально разработанные программы. 
521 8 |a Книга из коллекции РТУ МИРЭА - Инженерно-технические науки 
521 8 |a СЭБ 
100 1 |a Смирнов А. В. 
856 4 |u https://e.lanbook.com/book/398321 
856 4 8 |u https://e.lanbook.com/img/cover/book/398321.jpg 
953 |a https://e.lanbook.com/img/cover/book/398321.jpg